[Event "4NCL Division 1c"]
[Site "Telford, ENG"]
[Date "2019.03.17"]
[Round "8.47"]
[White "Wall, Tim P"]
[Black "Jaracz, Barbara"]
[Result "1-0"]
[WhiteElo "2234"]
[BlackElo "2199"]
[PlyCount "103"]
[EventDate "2019.03.17"]
[WhiteTeam "White Rose 1"]
[BlackTeam "Chess.com Manx Liberty 1"]

1. e4 e5 2. Nc3 Nc6 3. Bc4 Nf6 4. d3 Bb4 5. Nge2 d5 6. exd5 Nxd5 7. O-O Be6 8.
Bb3 O-O 9. Ne4 Be7 10. f4 exf4 11. Nxf4 Nxf4 12. Bxf4 Bxb3 13. axb3 f5 14. Nc3
Bd6 15. Ne2 a6 16. c3 Qe7 17. Qd2 Rae8 18. Rae1 Qd7 19. d4 Ne7 20. Bxd6 Qxd6
21. Nf4 Nd5 22. Nd3 g6 23. Rxe8 Rxe8 24. Re1 Rxe1+ 25. Qxe1 Nf6 26. Nc5 b6 27.
Nxa6 Ne4 28. Nb4 c5 29. Nc2 Qe6 30. c4 f4 31. Qe2 g5 32. b4 cxb4 33. Nxb4 Qf5
34. Nd5 Kg7 35. Qd3 Qe6 36. Qe2 Qf5 37. Nxb6 g4 38. Nd5 f3 39. Qe3 f2+ 40. Kf1
g3 41. hxg3 Qg4 42. Nc3 Nxg3+ 43. Kxf2 Nf5 44. Qe5+ Kg6 45. Ne2 Qh4+ 46. g3
Qh2+ 47. Ke1 Qh1+ 48. Kd2 Qb7 49. Nf4+ Kg5 50. Nh3+ Kg4 51. Nf2+ Kg5 52. Ne4+
1-0

[Event "4NCL Division 1c"]
[Site "Telford, ENG"]
[Date "2019.03.17"]
[Round "8.48"]
[White "Dahl, Baard"]
[Black "Maroroa, Sue"]
[Result "0-1"]
[WhiteElo "2052"]
[BlackElo "2115"]
[PlyCount "122"]
[EventDate "2019.03.17"]
[WhiteTeam "Chess.com Manx Liberty 1"]
[BlackTeam "White Rose 1"]

1. e4 e5 2. Nf3 Nc6 3. Bb5 a6 4. Ba4 Nf6 5. O-O Be7 6. d3 b5 7. Bb3 d6 8. a3
Na5 9. Ba2 c5 10. Nc3 Nc6 11. Nd5 Nxd5 12. Bxd5 Bd7 13. b4 Qc7 14. Bg5 Rc8 15.
c4 h6 16. Be3 bxc4 17. Bxc4 O-O 18. bxc5 dxc5 19. Bxa6 Ra8 20. Bc4 Bg4 21. h3
Bh5 22. g4 Bg6 23. Bd5 Ra6 24. Qc1 Nd8 25. Qc3 Ne6 26. Rfb1 Qd6 27. Qxe5 Qd8
28. Qc3 h5 29. Qc4 Nc7 30. Bb7 hxg4 31. hxg4 Rf6 32. Kg2 Ne6 33. Ne5 Bd6 34.
Qc3 Nf4+ 35. Bxf4 Rxf4 36. f3 Qf6 37. d4 cxd4 38. Nd7 dxc3 39. Nxf6+ Rxf6 40.
Rb6 Bf4 41. Rxf6 gxf6 42. Ra2 Rd8 43. Ba6 Kg7 44. Rc2 Be5 45. Bb5 Bh7 46. Kf1
f5 47. gxf5 f6 48. f4 Bxf4 49. Rxc3 Bg8 50. Ke2 Rd2+ 51. Kf3 Be5 52. Rd3 Rc2
53. Rd7+ Kh6 54. a4 Bc4 55. Rb7 Rc3+ 56. Kf2 Kg5 57. Rh7 Bd4+ 58. Kg2 Bxb5 59.
axb5 Rb3 60. Rd7 Be5 61. Rd1 Kf4 0-1

[Event "4NCL Division 1c"]
[Site "Telford, ENG"]
[Date "2019.05.04"]
[Round "9.11"]
[White "Gormally, Daniel W"]
[Black "Adams, Michael"]
[Result "1/2-1/2"]
[WhiteElo "2509"]
[BlackElo "2698"]
[PlyCount "86"]
[EventDate "2019.05.04"]
[WhiteTeam "Blackthorne Russia"]
[BlackTeam "Guildford 1"]

1. e4 e5 2. Nf3 Nc6 3. Bb5 Nf6 4. d3 Bc5 5. Bxc6 dxc6 6. O-O Qe7 7. Nbd2 Bg4 8.
Nc4 Nd7 9. h3 Bh5 10. Bd2 O-O 11. b4 Bd6 12. Ne3 Rfd8 13. Nf5 Qe8 14. Ng3 Bg6
15. Nh4 c5 16. bxc5 Nxc5 17. Nhf5 f6 18. f4 exf4 19. Nxd6 cxd6 20. Bxf4 d5 21.
exd5 Rxd5 22. Qf3 Qd7 23. Rae1 Ne6 24. Rf2 Rc8 25. Qe3 Nxf4 26. Qxf4 Rdc5 27.
Ree2 Qc7 28. Qf3 Ra5 29. Re1 b6 30. h4 h5 31. Rfe2 Qc5+ 32. Kh2 Rxa2 33. d4
Qxd4 34. Nf5 Bxf5 35. Qxf5 Qxh4+ 36. Kg1 Qd4+ 37. Kh1 Qh4+ 38. Kg1 Qd4+ 39. Kh1
Raxc2 40. Re4 Qf2 41. Qd5+ Kf8 42. Re7 Qh4+ 43. Kg1 Qf2+ 1/2-1/2

[Event "4NCL Division 1c"]
[Site "Telford, ENG"]
[Date "2019.05.04"]
[Round "9.12"]
[White "Fressinet, Laurent"]
[Black "Bates, Richard A"]
[Result "1/2-1/2"]
[WhiteElo "2639"]
[BlackElo "2348"]
[PlyCount "99"]
[EventDate "2019.05.04"]
[WhiteTeam "Guildford 1"]
[BlackTeam "Blackthorne Russia"]

1. e4 c5 2. Nf3 d6 3. Bb5+ Nd7 4. d4 cxd4 5. Qxd4 a6 6. Bxd7+ Bxd7 7. Nc3 e5 8.
Qd3 h6 9. Nd2 Nf6 10. Nc4 Be6 11. O-O Qc7 12. Ne3 Be7 13. a4 O-O 14. Bd2 Rac8
15. Rfd1 Rfe8 16. Be1 Ng4 17. Ned5 Bxd5 18. Qxd5 Nf6 19. Qd3 Red8 20. a5 d5 21.
exd5 Bb4 22. Qf3 Qc5 23. d6 Bxc3 24. Bxc3 Rc6 25. Qe2 Rdxd6 26. Rxd6 Qxd6 27.
Rd1 Qe7 28. Qd3 Re6 29. h3 Qc5 30. Qf3 Qc7 31. Qf5 Nd7 32. Qd3 Nf6 33. Qd8+
Qxd8 34. Rxd8+ Kh7 35. Bb4 Re8 36. Rd6 Rc8 37. c3 Rc7 38. Kf1 Rd7 39. Ke2 Kg6
40. Rb6 h5 41. c4 Kf5 42. Bd2 g5 43. g3 g4 44. h4 Ne4 45. Bb4 f6 46. b3 Rc7 47.
Ke3 Rd7 48. Ke2 Rc7 49. Bd2 Rd7 50. Bb4 1/2-1/2

[Event "4NCL Division 1c"]
[Site "Telford, ENG"]
[Date "2019.05.04"]
[Round "9.13"]
[White "Ledger, Andrew J"]
[Black "Bacrot, Etienne"]
[Result "1/2-1/2"]
[WhiteElo "2334"]
[BlackElo "2683"]
[PlyCount "51"]
[EventDate "2019.05.04"]
[WhiteTeam "Blackthorne Russia"]
[BlackTeam "Guildford 1"]

1. d4 d5 2. c4 e6 3. Nc3 Be7 4. cxd5 exd5 5. Bf4 c6 6. Qc2 Nf6 7. e3 Nh5 8. Be5
Nd7 9. Be2 Nxe5 10. dxe5 g6 11. Bxh5 gxh5 12. O-O-O Qd7 13. Nge2 Qg4 14. Nd4 f6
15. e6 Bxe6 16. h3 Qg8 17. e4 Bf7 18. exd5 Qg5+ 19. Rd2 O-O-O 20. Re1 Bb4 21.
h4 Qg6 22. Qa4 Bxc3 23. bxc3 Bxd5 24. Qxa7 Rhe8 25. Ne6 Bxe6 26. Qa8+ 1/2-1/2

[Event "4NCL Division 1c"]
[Site "Telford, ENG"]
[Date "2019.05.04"]
[Round "9.14"]
[White "Sadler, Matthew D"]
[Black "Ansell, Simon T"]
[Result "1-0"]
[WhiteElo "2688"]
[BlackElo "2333"]
[PlyCount "63"]
[EventDate "2019.05.04"]
[WhiteTeam "Guildford 1"]
[BlackTeam "Blackthorne Russia"]

1. d4 d5 2. c4 c6 3. Nf3 Nf6 4. e3 Bg4 5. h3 Bh5 6. g4 Bg6 7. Ne5 Be4 8. f3
Bxb1 9. Rxb1 e6 10. Qb3 Qc7 11. cxd5 exd5 12. Bg2 Be7 13. O-O O-O 14. e4 a5 15.
Be3 a4 16. Qc2 Na6 17. Qxa4 c5 18. Rbc1 Rfd8 19. Qb3 Qb8 20. exd5 Nxd5 21. f4
Qd6 22. dxc5 Qe6 23. Bd4 Nac7 24. c6 b5 25. Nd7 Bh4 26. f5 Qd6 27. Be5 Qh6 28.
Bxd5 Nxd5 29. Qxd5 Qe3+ 30. Kg2 Qe2+ 31. Kh1 Re8 32. c7 1-0

[Event "4NCL Division 1c"]
[Site "Telford, ENG"]
[Date "2019.05.04"]
[Round "9.15"]
[White "Ledger, Dave J"]
[Black "McShane, Luke J"]
[Result "0-1"]
[WhiteElo "2260"]
[BlackElo "2686"]
[PlyCount "74"]
[EventDate "2019.05.04"]
[WhiteTeam "Blackthorne Russia"]
[BlackTeam "Guildford 1"]

1. e4 e5 2. Nf3 Nc6 3. Bc4 Bc5 4. c3 Nf6 5. d3 d6 6. O-O a6 7. Bb3 Ba7 8. Nbd2
O-O 9. Re1 Ng4 10. Re2 Kh8 11. h3 Nh6 12. d4 exd4 13. Nxd4 Bxd4 14. cxd4 Nxd4
15. Re1 Be6 16. Nf3 Nxb3 17. axb3 Ng8 18. Bf4 Ne7 19. Rc1 Nc6 20. Rc3 f6 21.
Nd4 Bd7 22. g4 Re8 23. Nf5 Bxf5 24. gxf5 d5 25. Rd3 Nb4 26. Rd2 Qe7 27. Re3
dxe4 28. Rd4 Nc6 29. Rc4 Rad8 30. Qg4 Rd4 31. Qh5 Rxc4 32. bxc4 Nd4 33. Bxc7
Qd7 34. Bb6 Nxf5 35. Qg4 Qe6 36. Rb3 Qxc4 37. Rc3 Qe6 0-1

[Event "4NCL Division 1c"]
[Site "Telford, ENG"]
[Date "2019.05.04"]
[Round "9.16"]
[White "Hou, Yifan"]
[Black "Duncan, Chris R"]
[Result "1-0"]
[WhiteElo "2662"]
[BlackElo "2221"]
[PlyCount "59"]
[EventDate "2019.05.04"]
[WhiteTeam "Guildford 1"]
[BlackTeam "Blackthorne Russia"]

1. e4 c5 2. Nf3 d6 3. d4 cxd4 4. Qxd4 Nc6 5. Bb5 Bd7 6. Qd3 Nf6 7. c4 e6 8. Nc3
Be7 9. O-O a6 10. Bxc6 Bxc6 11. Nd4 O-O 12. b3 Qa5 13. Bb2 Rfd8 14. Rfe1 Be8
15. a4 Nd7 16. Rad1 Rac8 17. Qg3 Qg5 18. Qh3 Ne5 19. Ba3 Nc6 20. Nde2 Qa5 21.
Nf4 Qb6 22. Nce2 Qa5 23. Bb2 Bf8 24. Qg3 Ne5 25. Bc3 Qc7 26. Nd4 Qe7 27. Re3
Rb8 28. a5 Nc6 29. Nf5 exf5 30. exf5 1-0

[Event "4NCL Division 1c"]
[Site "Telford, ENG"]
[Date "2019.05.04"]
[Round "9.17"]
[White "Nelson, Jonathan P"]
[Black "Edouard, Romain"]
[Result "0-1"]
[WhiteElo "2190"]
[BlackElo "2650"]
[PlyCount "58"]
[EventDate "2019.05.04"]
[WhiteTeam "Blackthorne Russia"]
[BlackTeam "Guildford 1"]

1. d4 Nf6 2. Nf3 c5 3. d5 b5 4. a4 Bb7 5. axb5 Bxd5 6. Nc3 Bb7 7. Bg5 d5 8. e4
d4 9. Bc4 Nbd7 10. Bxf6 gxf6 11. Nd5 e6 12. Nf4 Bd6 13. Nh5 Bxe4 14. O-O Ne5
15. Nxe5 fxe5 16. b6 Rg8 17. Ng3 Bb7 18. Qh5 Qg5 19. Qxg5 Rxg5 20. Rxa7 Rxa7
21. bxa7 Ke7 22. Ba6 Ba8 23. Re1 f5 24. f3 h5 25. Bd3 h4 26. f4 Rg8 27. fxe5
Bc7 28. Nh5 Rxg2+ 29. Kf1 Rxh2 0-1

[Event "4NCL Division 1c"]
[Site "Telford, ENG"]
[Date "2019.05.04"]
[Round "9.18"]
[White "Pert, Nicholas"]
[Black "Camp, Syringa Lyn"]
[Result "1-0"]
[WhiteElo "2563"]
[BlackElo "1655"]
[PlyCount "51"]
[EventDate "2019.05.04"]
[WhiteTeam "Guildford 1"]
[BlackTeam "Blackthorne Russia"]

1. d4 g6 2. Nf3 Bg7 3. e4 d6 4. Bc4 e6 5. Nc3 Ne7 6. Bf4 b6 7. e5 d5 8. Bd3 a5
9. Nb5 Ba6 10. a4 Nc8 11. c4 c6 12. cxd5 exd5 13. Nc3 O-O 14. O-O Ne7 15. Re1
Bxd3 16. Qxd3 Na6 17. Qd2 Nc7 18. Bh6 Ne6 19. Ne2 Qd7 20. Ng3 Rfe8 21. h4 c5
22. h5 Nc6 23. Bxg7 Kxg7 24. h6+ Kg8 25. dxc5 bxc5 26. Ne4 1-0

[Event "4NCL Division 1c"]
[Site "Telford, ENG"]
[Date "2019.05.04"]
[Round "9.21"]
[White "Le Roux, Jean-Pierre"]
[Black "Speelman, Jon S"]
[Result "1/2-1/2"]
[WhiteElo "2542"]
[BlackElo "2509"]
[PlyCount "54"]
[EventDate "2019.05.04"]
[WhiteTeam "Guildford 2"]
[BlackTeam "Wood Green"]

1. d4 e6 2. Nf3 a6 3. e4 d5 4. exd5 exd5 5. Bd3 Bd6 6. O-O Ne7 7. Ne5 Nbc6 8.
Nxc6 Nxc6 9. Re1+ Be6 10. c3 Qd7 11. Nd2 O-O 12. Nf3 Bf5 13. Bxf5 Qxf5 14. Nh4
Qd7 15. Qf3 Rfe8 16. Bd2 Ne7 17. g3 c6 18. Re3 Ng6 19. Nf5 Rxe3 20. Bxe3 Ne7
21. Nxd6 Qxd6 22. Re1 Qd7 23. Bd2 Re8 24. Qe2 f6 25. h4 Kf7 26. Qh5+ Kg8 27.
Qe2 Kf7 1/2-1/2

[Event "4NCL Division 1c"]
[Site "Telford, ENG"]
[Date "2019.05.04"]
[Round "9.22"]
[White "Tan, Justin"]
[Black "Stefanova, Antoaneta"]
[Result "1/2-1/2"]
[WhiteElo "2519"]
[BlackElo "2464"]
[PlyCount "73"]
[EventDate "2019.05.04"]
[WhiteTeam "Wood Green"]
[BlackTeam "Guildford 2"]

1. e4 e5 2. Nf3 Nc6 3. Bb5 g6 4. O-O Bg7 5. c3 Nge7 6. d4 exd4 7. cxd4 a6 8.
Ba4 b5 9. Bc2 O-O 10. Nc3 d6 11. h3 Na5 12. Bf4 Nc4 13. b3 Na3 14. Bd3 c5 15.
Qc1 b4 16. Ne2 Bb7 17. Bh6 Nc6 18. dxc5 dxc5 19. Bxg7 Kxg7 20. Qb2+ f6 21. Rad1
Qe7 22. Nf4 Ne5 23. Nxe5 fxe5 24. Nd5 Bxd5 25. exd5 Rf4 26. Rde1 Re8 27. Bxa6
Rd4 28. f4 e4 29. Re3 Kh6 30. Qc1 Kg7 31. f5 Rf8 32. fxg6 hxg6 33. Bc4 Rxf1+
34. Qxf1 Qg5 35. Qe2 Qf4 36. g3 Qe5 37. Kg2 1/2-1/2

[Event "4NCL Division 1c"]
[Site "Telford, ENG"]
[Date "2019.05.04"]
[Round "9.23"]
[White "Paehtz, Elisabeth"]
[Black "Haria, Ravi"]
[Result "1/2-1/2"]
[WhiteElo "2456"]
[BlackElo "2432"]
[PlyCount "50"]
[EventDate "2019.05.04"]
[WhiteTeam "Guildford 2"]
[BlackTeam "Wood Green"]

1. Nf3 Nf6 2. c4 e6 3. Nc3 d5 4. e3 a6 5. b3 Bd6 6. Bb2 b6 7. g3 Nbd7 8. Bg2
Bb7 9. O-O O-O 10. d4 Qe7 11. Ne1 Ne4 12. Ne2 a5 13. Nd3 a4 14. Rc1 f5 15. Qc2
c6 16. Rfe1 Qg5 17. bxa4 Qh6 18. cxd5 exd5 19. Ne5 Bxe5 20. dxe5 c5 21. Nf4 g5
22. Nd3 Bc6 23. Nb4 Bb7 24. Nd3 Bc6 25. Nb4 Bb7 1/2-1/2

[Event "4NCL Division 1c"]
[Site "Telford, ENG"]
[Date "2019.05.04"]
[Round "9.24"]
[White "Taylor, Adam C"]
[Black "Hebden, Mark L"]
[Result "1-0"]
[WhiteElo "2398"]
[BlackElo "2420"]
[PlyCount "149"]
[EventDate "2019.05.04"]
[WhiteTeam "Wood Green"]
[BlackTeam "Guildford 2"]

1. e4 e5 2. Nf3 Nc6 3. Bb5 a6 4. Ba4 Nf6 5. O-O Be7 6. Re1 b5 7. Bb3 O-O 8. c3
d6 9. h3 Nb8 10. d4 Nbd7 11. Nbd2 Bb7 12. Bc2 Re8 13. Nf1 Bf8 14. Ng3 g6 15. a4
c5 16. d5 c4 17. b4 cxb3 18. Bxb3 Nc5 19. Bc2 Qc7 20. Be3 Reb8 21. Nd2 Bc8 22.
axb5 axb5 23. Rxa8 Rxa8 24. Qb1 Bd7 25. Ne2 Ra3 26. Qb4 Ra2 27. Rc1 Na6 28. Qb3
Qa5 29. Bb1 Ra3 30. Bb6 Rxb3 31. Bxa5 Ra3 32. Bd8 Bh6 33. Bxf6 Bxd2 34. Rc2 Bh6
35. Ra2 Rxa2 36. Bxa2 Kf8 37. f3 Ke8 38. Kf1 Bd2 39. Bh4 f5 40. Be1 Be3 41. Bf2
Bd2 42. Be1 Bxe1 43. Kxe1 Nc5 44. Bb1 Ke7 45. Kd2 f4 46. Nc1 Kd8 47. Nd3 Nb3+
48. Kc2 Na5 49. Ba2 Kc7 50. Kb2 Kb6 51. Ka3 Nb7 52. Kb4 g5 53. Bb3 Nc5 54. Nf2
h5 55. Bd1 Na6+ 56. Kb3 b4 57. Be2 bxc3 58. Kxc3 Bb5 59. Bxb5 Kxb5 60. h4 gxh4
61. Nh3 Nc5 62. Ng5 Na4+ 63. Kd2 Nb6 64. Ke2 Nd7 65. Kf2 Nf6 66. Kg1 Kc4 67.
Nf7 Kc5 68. Kh2 Nxd5 69. exd5 Kxd5 70. Kh3 Ke6 71. Ng5+ Kf5 72. Ne4 d5 73. Nc3
e4 74. Nxd5 Ke5 75. Nc3 1-0

[Event "4NCL Division 1c"]
[Site "Telford, ENG"]
[Date "2019.05.04"]
[Round "9.25"]
[White "Ris, Robert"]
[Black "Houska, Jovanka"]
[Result "1/2-1/2"]
[WhiteElo "2461"]
[BlackElo "2426"]
[PlyCount "107"]
[EventDate "2019.05.04"]
[WhiteTeam "Guildford 2"]
[BlackTeam "Wood Green"]

1. d4 d5 2. Nf3 Nf6 3. Bf4 e6 4. e3 Bd6 5. Nbd2 b6 6. Bd3 Bb7 7. Ne5 Nbd7 8.
Qf3 Qe7 9. O-O O-O 10. c3 Rfd8 11. Qh3 h6 12. Nxd7 Nxd7 13. Bxd6 Qxd6 14. f4
Nf6 15. Nf3 Ne4 16. Ne5 f6 17. Ng4 Qe7 18. Rf3 Qf7 19. Qh4 Kh7 20. Rh3 Qg6 21.
Rf1 f5 22. Ne5 Qf6 23. Qh5 Rg8 24. Rff3 g5 25. Bxe4 dxe4 26. Rfg3 g4 27. Rh4
Ba6 28. Kf2 Bb5 29. Qf7+ Qxf7 30. Nxf7 h5 31. h3 Be8 32. Ne5 gxh3 33. Rhxh3 c5
34. Rxg8 Kxg8 35. dxc5 bxc5 36. Rh1 Kf8 37. Rd1 Ke7 38. g3 a5 39. Ke1 a4 40.
Kd2 Kd6 41. c4 Kc7 42. Kc3 Ra7 43. Rd2 Ra8 44. Kc2 Bc6 45. Rh2 Be8 46. Kd1 Rb8
47. Kc1 Ra8 48. Kc2 Ra7 49. Kc3 Ra8 50. Rh1 Ra7 51. Rb1 Ra8 52. Kd2 Rd8+ 53.
Ke1 Rb8 54. Kd2 1/2-1/2

[Event "4NCL Division 1c"]
[Site "Telford, ENG"]
[Date "2019.05.04"]
[Round "9.26"]
[White "Harvey, Marcus R"]
[Black "Sarakauskas, Gediminas"]
[Result "1/2-1/2"]
[WhiteElo "2402"]
[BlackElo "2434"]
[PlyCount "126"]
[EventDate "2019.05.04"]
[WhiteTeam "Wood Green"]
[BlackTeam "Guildford 2"]

1. d4 d5 2. Bg5 h6 3. Bh4 c6 4. c3 Bf5 5. Nd2 Nd7 6. Ngf3 Ngf6 7. e3 e6 8. Qb3
Qb6 9. Be2 Bd6 10. c4 O-O 11. c5 Qxb3 12. Nxb3 Bc7 13. Bg3 Bxg3 14. hxg3 a5 15.
O-O Rfb8 16. Nbd2 b6 17. cxb6 Rxb6 18. b3 c5 19. Rfc1 cxd4 20. Nxd4 a4 21. Nxf5
exf5 22. Bd1 axb3 23. Bxb3 Rb5 24. Nf3 Nc5 25. Nd4 Nxb3 26. axb3 Rxa1 27. Rxa1
Rb7 28. Ra8+ Kh7 29. f3 g6 30. Kf2 Kg7 31. Ra4 Rc7 32. Ra6 Rc1 33. b4 Rb1 34.
b5 Rb2+ 35. Kg1 Nd7 36. Ra3 Kf6 37. Rb3 Rxb3 38. Nxb3 Ke5 39. Kf2 Kd6 40. Ke2
Nf6 41. Na5 Kc5 42. Nb7+ Kxb5 43. Nd6+ Kc5 44. Nxf7 Ng8 45. Kd3 h5 46. e4 dxe4+
47. fxe4 Ne7 48. Ke3 fxe4 49. Kxe4 Nf5 50. Kf4 Kd5 51. Nh8 Ke6 52. Nxg6 Kf6 53.
Nh4 Nd4 54. Ke4 Ne2 55. Kf3 Nd4+ 56. Ke3 Ne6 57. Ke4 Kg5 58. Kf3 Nd4+ 59. Kf2
Kg4 60. Nf3 Nc6 61. Nh2+ Kf5 62. Ke3 Ne5 63. Nf3 Kg4 1/2-1/2

[Event "4NCL Division 1c"]
[Site "Telford, ENG"]
[Date "2019.05.04"]
[Round "9.27"]
[White "Suarez Real, Alberto"]
[Black "McDonald, Neil"]
[Result "1/2-1/2"]
[WhiteElo "2445"]
[BlackElo "2410"]
[PlyCount "62"]
[EventDate "2019.05.04"]
[WhiteTeam "Guildford 2"]
[BlackTeam "Wood Green"]

1. e4 d5 2. exd5 Qxd5 3. Nc3 Qd8 4. d4 Nf6 5. Nf3 Bg4 6. h3 Bxf3 7. Qxf3 c6 8.
Be3 e6 9. Bd3 Nbd7 10. O-O-O Bb4 11. Ne4 Nxe4 12. Qxe4 Nf6 13. Qh4 Nd5 14. Qg4
g6 15. Bh6 Qa5 16. Bc4 O-O-O 17. Rd3 Rd7 18. Rhd1 Rhd8 19. Kb1 b5 20. Bb3 Kb7
21. Bg5 Rc8 22. Qf3 Ka8 23. Rc1 Nb6 24. Be3 Nc4 25. c3 Bf8 26. Rcd1 Qa6 27. Bc1
Qb7 28. h4 h5 29. Qe2 Be7 30. g3 Rcd8 31. Rf3 Nd6 1/2-1/2

[Event "4NCL Division 1c"]
[Site "Telford, ENG"]
[Date "2019.05.04"]
[Round "9.28"]
[White "Fitzsimons, David"]
[Black "Milliet, Sophie"]
[Result "0-1"]
[WhiteElo "2299"]
[BlackElo "2394"]
[PlyCount "40"]
[EventDate "2019.05.04"]
[WhiteTeam "Wood Green"]
[BlackTeam "Guildford 2"]

1. e4 e5 2. Nf3 Nc6 3. Bc4 Nf6 4. d3 Bc5 5. O-O O-O 6. Bg5 h6 7. Bh4 g5 8. Bg3
d6 9. c3 Bg4 10. Nbd2 Kh8 11. b4 Bb6 12. a4 a5 13. b5 Ne7 14. Qb3 Nd7 15. Bxf7
Nc5 16. Qc4 Nxd3 17. h4 Nf4 18. hxg5 hxg5 19. Nxg5 Neg6 20. Ngf3 Rxf7 0-1

[Event "4NCL Division 1c"]
[Site "Telford, ENG"]
[Date "2019.05.04"]
[Round "9.32"]
[White "Collins, Sam E"]
[Black "Fridman, Daniel"]
[Result "0-1"]
[WhiteElo "2433"]
[BlackElo "2629"]
[PlyCount "94"]
[EventDate "2019.05.04"]
[WhiteTeam "Barbican 4NCL 1"]
[BlackTeam "Chess.com Manx Liberty 1"]

1. e4 e6 2. d4 d5 3. Nd2 c5 4. exd5 Qxd5 5. dxc5 Nf6 6. Ngf3 Qxc5 7. Bd3 Nbd7
8. O-O Qc7 9. Re1 Be7 10. c4 b6 11. b3 Bb7 12. Bb2 O-O 13. Qc2 Rad8 14. a3 Nc5
15. Bf1 Qf4 16. Be5 Qg4 17. h3 Qg6 18. Qxg6 hxg6 19. Re3 Nfe4 20. Nxe4 Nxe4 21.
b4 f6 22. Bb2 a5 23. Bd4 axb4 24. axb4 Bxb4 25. Rb1 Bc5 26. Bxc5 Nxc5 27. Rxb6
Bxf3 28. gxf3 e5 29. Rc6 Rc8 30. Rxc8 Rxc8 31. Bd3 Kh7 32. Be4 Ne6 33. Bd5 Nf4
34. Kh2 Rb8 35. Re1 Rb2 36. Kg3 Rc2 37. Rd1 Kh6 38. Ra1 g5 39. Rb1 Rc3 40. Rd1
f5 41. Kh2 g6 42. Re1 Rc2 43. Kg3 Ne2+ 44. Kg2 Nf4+ 45. Kg3 Kg7 46. Rxe5 Rc1
47. Bb7 Rh1 0-1

[Event "4NCL Division 1c"]
[Site "Telford, ENG"]
[Date "2019.05.04"]
[Round "9.33"]
[White "Lupulescu, Constantin"]
[Black "Griffiths, Ryan Rhys"]
[Result "1-0"]
[WhiteElo "2634"]
[BlackElo "2355"]
[PlyCount "73"]
[EventDate "2019.05.04"]
[WhiteTeam "Chess.com Manx Liberty 1"]
[BlackTeam "Barbican 4NCL 1"]

1. Nf3 c5 2. e4 d6 3. Bb5+ Bd7 4. Bxd7+ Qxd7 5. c4 Nc6 6. Nc3 g6 7. d4 cxd4 8.
Nxd4 Bg7 9. Be3 Nf6 10. f3 O-O 11. Rc1 Rfc8 12. b3 Qd8 13. O-O a6 14. Nxc6 Rxc6
15. a4 Qa5 16. Kh1 Rb8 17. Na2 b5 18. cxb5 Rxc1 19. Qxc1 axb5 20. Bd2 Qa8 21.
a5 Rc8 22. Qb1 d5 23. e5 Nd7 24. f4 Nc5 25. Rc1 Ne4 26. Rxc8+ Qxc8 27. Be3 g5
28. Qc1 Qa8 29. Bb6 gxf4 30. Nb4 d4 31. Qxf4 d3 32. Nxd3 Qd5 33. Nb4 Qd1+ 34.
Bg1 Nc3 35. Qd4 Qc1 36. a6 Ne2 37. Qe3 1-0

[Event "4NCL Division 1c"]
[Site "Telford, ENG"]
[Date "2019.05.04"]
[Round "9.34"]
[White "Jackson, James P"]
[Black "Parligras, Mircea-Emilian"]
[Result "0-1"]
[WhiteElo "2388"]
[BlackElo "2633"]
[PlyCount "114"]
[EventDate "2019.05.04"]
[WhiteTeam "Barbican 4NCL 1"]
[BlackTeam "Chess.com Manx Liberty 1"]

1. e4 e5 2. Nf3 Nc6 3. Bb5 a6 4. Ba4 d6 5. c3 Bd7 6. O-O g6 7. d4 Bg7 8. h3 Nf6
9. Re1 O-O 10. a3 Re8 11. Bc2 h6 12. Nbd2 Qe7 13. Nf1 Qf8 14. Ng3 Rad8 15. dxe5
dxe5 16. Bd2 Na5 17. Qb1 Be6 18. b3 c5 19. Be3 Nd7 20. Nd2 h5 21. b4 Nc4 22.
Nxc4 Bxc4 23. Bb3 Be6 24. Bxe6 Rxe6 25. Rd1 cxb4 26. cxb4 Nb8 27. Qb3 Red6 28.
Bc5 Rxd1+ 29. Rxd1 Qe8 30. Bb6 Rxd1+ 31. Qxd1 Bf8 32. Qd5 Qc6 33. Qxc6 Nxc6 34.
Kf1 Bh6 35. Ne2 Bd2 36. Be3 Bxe3 37. fxe3 Kf8 38. Nc3 Ke7 39. Ke2 Kd6 40. Kd3
h4 41. Na4 Ne7 42. Nb6 Kc6 43. Nc4 f6 44. Kc3 Nc8 45. a4 b5 46. axb5+ Kxb5 47.
Kb3 Kc6 48. Kc3 Nd6 49. Nxd6 Kxd6 50. Kd3 Kc6 51. Kc4 Kb6 52. Kc3 Kb5 53. Kb3
f5 54. Kc3 Ka4 55. Kc4 fxe4 56. Kc3 Ka3 57. Kc4 Kb2 0-1

[Event "4NCL Division 1c"]
[Site "Telford, ENG"]
[Date "2019.05.04"]
[Round "9.35"]
[White "Erdos, Viktor"]
[Black "Franklin, Samuel G A"]
[Result "1-0"]
[WhiteElo "2610"]
[BlackElo "2344"]
[PlyCount "155"]
[EventDate "2019.05.04"]
[WhiteTeam "Chess.com Manx Liberty 1"]
[BlackTeam "Barbican 4NCL 1"]

1. d4 Nf6 2. c4 g6 3. g3 Bg7 4. Bg2 O-O 5. Nf3 d6 6. O-O Nc6 7. Nc3 Rb8 8. b3
a6 9. d5 Na5 10. Bg5 h6 11. Bd2 c5 12. dxc6 Nxc6 13. Rc1 Be6 14. Ne1 Ne5 15.
Bf4 Qa5 16. Qd2 g5 17. Nd5 Qd8 18. Be3 b5 19. Nd3 Nxd3 20. exd3 Bxd5 21. cxd5
Ng4 22. Bh3 Nxe3 23. fxe3 b4 24. Rc4 Qa5 25. e4 Qb5 26. Bg4 a5 27. Kg2 a4 28.
Bd1 axb3 29. Bxb3 Rfc8 30. Qf2 Bf6 31. Qf5 Rxc4 32. Bxc4 Qc5 33. e5 dxe5 34. d6
Kg7 35. dxe7 Qxe7 36. Bd5 Rh8 37. Rc1 Qd6 38. Be4 Qe6 39. Qxe6 fxe6 40. Rc7+
Kf8 41. Bg6 Be7 42. Bh5 Rh7 43. Bg6 Rh8 44. g4 Kg7 45. Rxe7+ Kxg6 46. Rxe6+ Kf7
47. Rxe5 Ra8 48. Re2 Ra3 49. Rd2 Ke6 50. Kf3 Kd5 51. Ke3 Ra6 52. Rb2 Re6+ 53.
Kd2 Rf6 54. Rxb4 Rf2+ 55. Kc3 Rxa2 56. Rb5+ Kc6 57. Rb2 Ra1 58. Rf2 Kd5 59.
Rf5+ Ke6 60. Rb5 Kf6 61. Rb6+ Kg7 62. Rb7+ Kf6 63. Rb6+ Kg7 64. Re6 Rg1 65. Re4
Rg2 66. d4 Rxh2 67. d5 Ra2 68. Kd4 Kf6 69. Kc5 Ra5+ 70. Kc6 Ra6+ 71. Kb5 Ra1
72. d6 Rd1 73. Kc6 Rc1+ 74. Kb6 Rd1 75. Kc7 Rc1+ 76. Kd8 Kf7 77. d7 Rg1 78. Rc4
1-0

[Event "4NCL Division 1c"]
[Site "Telford, ENG"]
[Date "2019.05.04"]
[Round "9.36"]
[White "Rogers, Jonathan W"]
[Black "Tari, Aryan"]
[Result "0-1"]
[WhiteElo "2330"]
[BlackElo "2615"]
[PlyCount "64"]
[EventDate "2019.05.04"]
[WhiteTeam "Barbican 4NCL 1"]
[BlackTeam "Chess.com Manx Liberty 1"]

1. d4 Nf6 2. Nf3 d5 3. Bf4 c5 4. e3 Nc6 5. c3 Qb6 6. Qc1 e6 7. Bd3 Bd7 8. O-O
Nh5 9. Be5 c4 10. Be2 f6 11. Bf4 Nxf4 12. exf4 Bd6 13. Re1 O-O 14. Na3 a6 15.
Nc2 Qc7 16. g3 b5 17. Ne3 g6 18. h4 h5 19. Qc2 Kg7 20. Kg2 b4 21. Nd2 bxc3 22.
bxc3 Ne7 23. Rh1 Rab8 24. g4 hxg4 25. Nxg4 Bxf4 26. h5 g5 27. h6+ Kh8 28. Nf1
e5 29. dxe5 Bf5 30. Qa4 fxe5 31. Nfe3 Bxe3 32. Nxe3 Be4+ 0-1

[Event "4NCL Division 1c"]
[Site "Telford, ENG"]
[Date "2019.05.04"]
[Round "9.37"]
[White "Saduakassova, Dinara"]
[Black "Sowray, Peter J"]
[Result "1/2-1/2"]
[WhiteElo "2461"]
[BlackElo "2356"]
[PlyCount "111"]
[EventDate "2019.05.04"]
[WhiteTeam "Chess.com Manx Liberty 1"]
[BlackTeam "Barbican 4NCL 1"]

1. d4 Nf6 2. c4 e6 3. g3 d5 4. Nf3 dxc4 5. Bg2 a6 6. O-O Nc6 7. e3 Bd7 8. Qe2
b5 9. b3 cxb3 10. axb3 Be7 11. Bb2 O-O 12. Rc1 Ra7 13. Nc3 Bd6 14. Ng5 Qe7 15.
Nge4 Nxe4 16. Nxe4 Nb4 17. Nc5 a5 18. Bc3 Bxc5 19. dxc5 Nd5 20. Be1 Bc6 21.
Rxa5 Rxa5 22. Bxa5 Ra8 23. Be1 Qe8 24. e4 Nf6 25. Bc3 e5 26. Qb2 Nd7 27. Bb4
Nf8 28. Bc3 f6 29. Rd1 Qe6 30. f3 Nd7 31. Bb4 Nf8 32. Be1 Qe7 33. Bf2 Rd8 34.
Qa1 Ne6 35. b4 Rxd1+ 36. Qxd1 Qd7 37. Qxd7 Bxd7 38. Kf1 Kf7 39. Ke2 Ke7 40. Be3
g5 41. Kd3 Bc6 42. Bf1 Kf7 43. Be2 Ke7 44. Bd1 Be8 45. Bc1 c6 46. Ke3 Bh5 47.
Kf2 Kd7 48. Be3 Ke7 49. Be2 Kd7 50. Bf1 Ke7 51. Bh3 Kf7 52. Bf5 h6 53. f4 exf4
54. gxf4 gxf4 55. Bd2 Bd1 56. Bxe6+ 1/2-1/2